| 000 | 00350cam a22001217a 4500 | ||
|---|---|---|---|
| 008 | 180718b1991 xxu||||| |||| 00| 0 eng d | ||
| 082 | _aA99 Sh92/Sh23 | ||
| 100 | _aSharma, S.C. | ||
| 245 |
_aPt. Ravi Shankar Shukla: life and times _cby S.C. Sharma |
||
| 260 |
_aDelhi _bBhartiya Bhasha Peeth _c1991 |
||
| 300 | _a255p. | ||
| 650 | _aShukla, Ravi Shankar | ||
| 999 |
_c354555 _d354555 |
||